নেতাজি সুভাষচন্দ্র বসু /

Detaylı Bibliyografya
Yazar: সাজু, শাহজাহান
Materyal Türü: Kitap
Dil:Bengali
Baskı/Yayın Bilgisi: ঢাকা : কথাপ্রকাশ, ২০১২ [একাদশ মুদ্রণ ২০২৪ ].
Konular:
Classic Catalogue: View this record in Classic Catalogue
LEADER 03060nam a22003257a 4500
001 44869
003 BD-DhAAL
005 20251005161322.0
008 250923r20242012bg ||||| |||| 00| 0bben d
040 |a BD-DhAAL  |c BD-DhAAL 
041 |a ben 
082 |a 954.0350924  |2 23 
100 |a সাজু, শাহজাহান.  |9 17712 
245 |a নেতাজি সুভাষচন্দ্র বসু /  |c শাহজাহান সাজু. 
246 |a Netaji Subhas Chandra Bose 
246 |a Biography of Netaji Subhas Chandra Bose 
260 |a ঢাকা :  |b কথাপ্রকাশ,  |c ২০১২ [একাদশ মুদ্রণ ২০২৪ ]. 
300 |a ৪৮ পৃষ্ঠা ;  |c ২২ সে. মি. 
526 |a RS (GenEd)   |x Tahseen H. Ali, PhD Assistant Professor and Assistant Dean, RS School of General Education BRAC University Course Name : Emergence of Bangladesh (EMB 101) 
541 |a Hye Trade International  |e 44869, 44870 
600 |a Bose, Subhas Chandra,   |d 1897-1945,  |x Political and social views  |9 59460 
655 |a Biographies. 
852 |a Ayesha Abed Library 
942 |2 ddc  |c BK 
999 |c 47570  |d 47570 
952 |0 0  |1 0  |2 ddc  |4 0  |6 954_035092400000000_SAJ  |7 0  |9 78273  |a SCL  |b SCL  |c GEN  |d 2025-09-23  |e Hye Trade International  |g 100.00  |l 0  |o 954.0350924 SAJ  |p 3020044872  |r 2025-09-23  |t 4  |v 200.00  |w 2025-09-23  |y BK  |x Requisitioned by Tahseen H. Ali, PhD (Assistant Professor and Assistant Dean, RS School of General Education, BRAC University) for the course named- "Emergence of Bangladesh (EMB 101)" 
952 |0 0  |1 0  |2 ddc  |4 0  |6 954_035092400000000_SAJ  |7 0  |9 78274  |a SCL  |b SCL  |c GEN  |d 2025-09-23  |e Hye Trade International  |g 100.00  |l 0  |o 954.0350924 SAJ  |p 3020044870  |r 2025-09-23  |t 2  |v 200.00  |w 2025-09-23  |y BK  |x Requisitioned by Tahseen H. Ali, PhD (Assistant Professor and Assistant Dean, RS School of General Education, BRAC University) for the course named- "Emergence of Bangladesh (EMB 101)" 
952 |0 0  |1 0  |2 ddc  |4 0  |6 954_035092400000000_SAJ  |7 0  |9 78275  |a SCL  |b SCL  |c GEN  |d 2025-09-23  |e Hye Trade International  |g 100.00  |l 0  |o 954.0350924 SAJ  |p 3020044873  |r 2025-09-23  |t 5  |v 200.00  |w 2025-09-23  |y BK  |x Requisitioned by Tahseen H. Ali, PhD (Assistant Professor and Assistant Dean, RS School of General Education, BRAC University) for the course named- "Emergence of Bangladesh (EMB 101)" 
952 |0 0  |1 0  |2 ddc  |4 0  |6 954_035092400000000_SAJ  |7 0  |9 78276  |a SCL  |b SCL  |c GEN  |d 2025-09-23  |e Hye Trade International  |g 100.00  |l 0  |o 954.0350924 SAJ  |p 3020044871  |r 2025-09-23  |t 3  |v 200.00  |w 2025-09-23  |y BK  |x Requisitioned by Tahseen H. Ali, PhD (Assistant Professor and Assistant Dean, RS School of General Education, BRAC University) for the course named- "Emergence of Bangladesh (EMB 101)" 
952 |0 0  |1 0  |2 ddc  |4 0  |6 954_035092400000000_SAJ  |7 0  |9 78277  |a SCL  |b SCL  |c GEN  |d 2025-09-23  |e Hye Trade International  |g 100.00  |l 0  |o 954.0350924 SAJ  |p 3020044869  |r 2025-09-23  |t 1  |v 200.00  |w 2025-09-23  |y BK  |x Requisitioned by Tahseen H. Ali, PhD (Assistant Professor and Assistant Dean, RS School of General Education, BRAC University) for the course named- "Emergence of Bangladesh (EMB 101)"